سودة بنت زمعة : صاحبة الهجرتين / (رقم التسجيلة. 101287)

تفاصيل مارك
000 -LEADER
fixed length control field 00663nam a22002057a 4500
005 - DATE AND TIME OF LATEST TRANSACTION
control field 20251108173326.0
008 - FIXED-LENGTH DATA ELEMENTS--GENERAL INFORMATION
fixed length control field 250721s2000 xx 000 0 ara d
082 14 - DEWEY DECIMAL CLASSIFICATION NUMBER
Classification number ط/219.3/صال
100 1# - MAIN ENTRY--PERSONAL NAME
Personal name صالح، محمد عبد الله
245 10 - TITLE STATEMENT
Title سودة بنت زمعة : صاحبة الهجرتين /
264 1# - PRODUCTION, PUBLICATION, DISTRIBUTION, MANUFACTURE, AND COPYRIGHT NOTICE
Place of production, publication, distribution, manufacture القاهرة :
Name of producer, publisher, distributor, manufacturer شركة الفرسان 2000،
Date of production, publication, distribution, manufacture, or copyright notice [ 2000 ].
300 ## - PHYSICAL DESCRIPTION
Extent 16 ص .
490 0# - SERIES STATEMENT
Series statement أمهات المؤمنين2
Volume/sequential designation 2
650 17 - SUBJECT ADDED ENTRY--TOPICAL TERM
Topical term or geographic name as entry element السيرة النبوية
650 17 - SUBJECT ADDED ENTRY--TOPICAL TERM
Topical term or geographic name as entry element زوجات النبي
650 17 - SUBJECT ADDED ENTRY--TOPICAL TERM
Topical term or geographic name as entry element آل البيت
653 ## - INDEX TERM--UNCONTROLLED
Uncontrolled term صغار ناشئون ( 10-14 سنة )
942 ## - ADDED ENTRY ELEMENTS (KOHA)
Source of classification or shelving scheme Dewey Decimal Classification
Koha item type كتب
المقتنيات
حالة السحب حالة الفقدان مصدر التصنيف حالة التلف غير قابل للإعارة المكتبة الرئيسية المكتبة الحالية موقع الرف تاريخ التزويد الرقم المتسلسل Total Checkouts رقم الإستدعاء الباركود تاريخ آخر ظهور تاريخ الفاتورة نوع المادة (كوها)
    Dewey Decimal Classification     مكتبة أم المؤمنين للأطفال مكتبة أم المؤمنين للأطفال الأطفال 28/07/2025 621871   ط/219.3/صال 621871 28/07/2025 28/07/2025 كتب
    Dewey Decimal Classification     مكتبة الأميرة ايمان العامة مكتبة الأميرة ايمان العامة الأطفال 24/11/2013 621838   ط/219.3/صال PLD00287834 28/07/2025 24/11/2013 كتب
    Dewey Decimal Classification     مكتبة عدن للأطفال مكتبة عدن للأطفال الأطفال 07/09/2014 1581578   ط/219.3/صال PLD00305777 28/07/2025 07/09/2014 كتب
Implemented & Customized by: BBB with SCIT (Smart Chains for Information Technology)

Powered by Koha